Mandela : the authorised portrait (Record no. 156229)

MARC details
000 -LEADER
fixed length control field 00317nam a2200097Ia 4500
082 ## - DEWEY DECIMAL CLASSIFICATION NUMBER
Classification number 920|MAND
008 - FIXED-LENGTH DATA ELEMENTS--GENERAL INFORMATION
fixed length control field 210817s9999 xx 000 0 und d
100 ## - MAIN ENTRY--PERSONAL NAME
Personal name Maharaj, Mac [South Africa], [2014] Updated and revised edition in memoriam
9 (RLIN) 47884
245 #0 - TITLE STATEMENT
Title Mandela : the authorised portrait
942 ## - ADDED ENTRY ELEMENTS
item type Books
Holdings
Withdrawn status Lost status Damaged status Not for loan Home library Current library Date acquired Cost, normal purchase price Total Checkouts Barcode Date last seen Price effective from item type
        Emthonjeni PL (MMID-PLEMA-EMTH) Emthonjeni PL (MMID-PLEMA-EMTH) 18.08.2021 580.00   3322810005852 18.08.2021 18.08.2021 Books